00914nam a22002417a 45000010005000000030006000050050017000110080041000280200018000690400029000870500012001160820016001281000016001442450089001602600038002493000043002875050008003305200236003385210021005745210020005956500031006157000026006465484FISKH20241210145515.0241210b cb ||||| |||| 00| 0 eng d a9780553296983 aFISKHbengcFISKHdFISKH aD810.J4 a949.2071092 aFrank, Anne aThe diary of a young girl /cby Anne Frank with an introduction by Eleanor Roosevelt aNew York :bBantam Books ;c1952. a283 pages :billustrations ;c18 cm .  aZ  aThe journal of a Jewish girl in her early teens describes both the joys and torments of daily life, as well as typical adolescent thoughts, throughout two years spent in hiding with her family during the Nazi occupation of Holland.8 a1080 bLexile 8 aZ bRaz-Plus  aautobiographyvnon-fiction aFrank , OttoeEditor